| 000 | 01072nam a2200397 a 4500 | ||
|---|---|---|---|
| 003 | AR-BaBNM | ||
| 005 | 20251128202901.0 | ||
| 008 | 082120s2002 ||||||||||||||000 | spa|| | ||
| 040 | _cAR-BaBNM | ||
| 100 | 1 | _aHudson, Guillermo Enrique | |
| 245 | 0 | 0 | _aAntología de Guillermo Enrique Hudson |
| 260 |
_aBuenos Aires _bLosada _c1941 |
||
| 300 |
_a280 p. _bil., láms. |
||
| 650 | 4 | _aLITERATURA ARGENTINA | |
| 650 | 4 | _aESCRITORES | |
| 650 | 4 | _aNOVELAS | |
| 650 | 4 | _aAUTOBIOGRAFIAS | |
| 650 | 4 | _aCOSTUMBRES Y TRADICIONES | |
| 650 | 4 | _aPAMPAS | |
| 650 | 4 | _aFOLKLORE | |
| 650 | 4 | _aSIGLO DIECINUEVE | |
| 650 | 4 | _aANTOLOGIAS | |
| 650 | 4 | _aENSAYO | |
| 653 | _aNARRATIVA | ||
| 653 | _aNATURALISMO | ||
| 653 | _aCOSTUMBRISMO | ||
| 655 | _aLITERATURA | ||
| 700 | 1 |
_aPozzo, Fernando _eprologuista |
|
| 700 | 1 | _aMartínez Estrada, Ezequiel | |
| 700 | 1 |
_aCasares, Jorge _eprologuista |
|
| 700 | 1 |
_aBorges, Jorge Luis _eprologuista |
|
| 700 | 1 |
_aMassingham, H.J. _eprologuista |
|
| 700 | 1 |
_aPritchett, V.S. _eprologuista |
|
| 942 | _cBK | ||
| 998 | _cMARTIN | ||
| 999 |
_c1037 _d1037 |
||